Evaluación y diseño de tomas de agua tipo multinivel
שמור ב:
| מחבר ראשי: | |
|---|---|
| מחברים אחרים: | |
| פורמט: | ספר |
| יצא לאור: |
San José, Costa Rica
2006
|
| נושאים: | |
| תגים: |
הוספת תג
אין תגיות, היה/י הראשונ/ה לתייג את הרשומה!
|
MARC
| LEADER | 00000nam a2200000Ia 4500 | ||
|---|---|---|---|
| 003 | 009616 | ||
| 005 | 20240213101756.0 | ||
| 008 | 140114s2006 cr a 000 ||s d | ||
| 040 | |c cru CEDI | ||
| 090 | |a TFG 5158 | ||
| 100 | |a Zapata Arroyo, Jorge, 1981- |9 2466 | ||
| 245 | |a Evaluación y diseño de tomas de agua tipo multinivel | ||
| 260 | |a San José, Costa Rica |c 2006 | ||
| 300 | |a 144 hojas : ilustraciones (algunas a color), 1 fotografías color, mapas color | ||
| 500 | |a Trabajo de graduación(licenciatura en ingeniería civil)--Universidad de Costa Rica. Escuela de Ingeniería Civil | ||
| 501 | |a Director de Trabajo de Graduación: Ing. Rafael Oreamuno Vega | ||
| 650 | |x INGENIERÍA HIDRAÚLICA |x EMBALSES |x VERTEDEROS |x DINAMICA DE FLUIDOS |x FLUJO VORTICIAL |9 5824 | ||
| 700 | |a Oreamuno Vega, Rafael Alfredo, 1956- |d Director del TFG |9 158 | ||
| 942 | |c TFG |h TFG 5158 |i 009616 |6 TFG_5158_009616000000000 | ||
| 999 | |c 17265 |d 17265 | ||
